Entdecken sie die natur : Barcelona ist viel mehr / Barcelona ist viel mehr /
Descripción Física:
22 pàgines no numerades : il·lustracions ; 24 cm
Otros Autores:
Borrero, Juan Manuel
Materias:
Parcs Naturals -- Barcelona (Catalunya : Província) -- Guies
; Barcelona (Catalunya : Província) -- Guies
; Barcelona (Catalunya : Província) -- Descripcions i viatges
Idioma:
Catalán
MARC
| LEADER | 00000nam a2200000 a 4500 | ||
|---|---|---|---|
| 001 | 26220 | ||
| 008 | 220711b spa||||| |||| 00| 0 cat d | ||
| 017 | |a DL B 18951-2014 | ||
| 080 | |a FU-72-10 | ||
| 245 | |a Entdecken sie die natur : |b Barcelona ist viel mehr / |c fotografien: Juan Manuel Borrero [i 4 més] | ||
| 260 | |a Barcelona : |b Diputació de Barcelona, |c 2014 | ||
| 300 | |a 22 pàgines no numerades : |b il·lustracions ; |c 24 cm | ||
| 500 | |a A la portada: Barcelona ist viel mehr | ||
| 650 | 0 | |a Parcs Naturals |z Barcelona (Catalunya : Província) |v Guies |9 50316 | |
| 651 | 0 | |9 52676 |a Barcelona (Catalunya : Província) |v Guies | |
| 651 | 0 | |a Barcelona (Catalunya : Província) |x Descripcions i viatges |9 52924 | |
| 700 | |9 53840 |a Borrero, Juan Manuel |e fotografies | ||
| 710 | 2 | |9 52850 |a Barcelona ist viel mehr |e marca turística | |
| 710 | 1 | |a Barcelona (Catalunya : Província). |b Diputació |9 52408 | |
| 942 | |2 udc |c ARXIU |n 1 | ||
| 952 | |0 0 |1 0 |4 0 |6 FU7210 |7 1 |9 62735 |a Arxiu |b Arxiu |d 2022-07-11 |l 0 |o FU-72-10 |p 26220 |r 2022-07-11 00:00:00 |w 2022-07-11 |y ARXIU | ||
| 999 | |c 82254 |d 82254 | ||